[Event "DEM U10w 2024"]
[Site "Willingen GER"]
[Date "2024.05.20"]
[Round "3"]
[White "Wolf, Aurelia"]
[Black "Elsayed Esam, Sally"]
[Result "0-1"]
[Termination "normal"]
[Board "8"]
[WhiteElo "1498"]
[BlackElo "1584"]
[WhiteClock "00:52:44"]
[BlackClock "00:44:42"]
[PlyCount "112"]
[WhiteFideId "34671048"]
[BlackFideId "34662170"]
[EventCountry "GER"]
[EventRounds "11"]
[EventType "swiss"]
[EventDate "2024.05.18"]

1. e4 {[%clk 01:15:57]} {[%emt 00:00:02]} c6 {[%clk 01:15:50]} {[%emt
00:00:10]} 2. d4 {[%clk 01:16:21]} {[%emt 00:00:07]} d5 {[%clk 01:16:14]}
{[%emt 00:00:06]} 3. exd5 {[%clk 01:16:44]} {[%emt 00:00:07]} cxd5 {[%clk
01:16:35]} {[%emt 00:00:09]} 4. Bd3 {[%clk 01:17:03]} {[%emt 00:00:11]} Nf6
{[%clk 01:16:46]} {[%emt 00:00:18]} 5. Bf4 {[%clk 01:17:18]} {[%emt 00:00:14]}
Bg4 {[%clk 01:16:41]} {[%emt 00:00:36]} 6. Nf3 {[%clk 01:17:27]} {[%emt
00:00:21]} Nc6 {[%clk 01:16:50]} {[%emt 00:00:22]} 7. c3 {[%clk 01:17:46]}
{[%emt 00:00:10]} e6 {[%clk 01:17:12]} {[%emt 00:00:08]} 8. Nbd2 {[%clk
01:17:47]} {[%emt 00:00:29]} Bd6 {[%clk 01:17:20]} {[%emt 00:00:23]} 9. Bxd6
{[%clk 01:18:07]} {[%emt 00:00:09]} Qxd6 {[%clk 01:17:40]} {[%emt 00:00:10]}
10. O-O {[%clk 01:17:52]} {[%emt 00:00:45]} O-O {[%clk 01:18:01]} {[%emt
00:00:09]} 11. Qb3 {[%clk 01:17:52]} {[%emt 00:00:30]} Rab8 {[%clk 01:17:35]}
{[%emt 00:00:56]} 12. Rfe1 {[%clk 01:17:51]} {[%emt 00:00:30]} Bxf3 {[%clk
01:14:11]} {[%emt 00:03:55]} 13. Nxf3 {[%clk 01:18:00]} {[%emt 00:00:21]} Nd7
{[%clk 01:13:13]} {[%emt 00:01:28]} 14. Qc2 {[%clk 01:17:15]} {[%emt 00:01:15]}
h6 {[%clk 01:12:31]} {[%emt 00:01:12]} 15. c4 {[%clk 01:15:01]} {[%emt
00:02:44]} dxc4 {[%clk 01:10:52]} {[%emt 00:02:09]} 16. Qxc4 {[%clk 01:15:16]}
{[%emt 00:00:15]} Rfc8 {[%clk 01:08:18]} {[%emt 00:03:03]} 17. Qc3 {[%clk
01:07:47]} {[%emt 00:07:58]} Nce5 {[%clk 01:01:30]} {[%emt 00:07:21]} 18. dxe5
{[%clk 01:05:24]} {[%emt 00:02:52]} Rxc3 {[%clk 01:01:32]} {[%emt 00:00:28]}
19. exd6 {[%clk 01:05:22]} {[%emt 00:00:32]} Rxd3 {[%clk 01:01:54]} {[%emt
00:00:08]} 20. Red1 {[%clk 01:05:10]} {[%emt 00:00:42]} Nc5 {[%emt 00:03:41]}
21. Rxd3 {[%emt 00:01:19]} Nxd3 {[%clk 00:57:13]} {[%emt 00:00:12]} 22. b3
{[%clk 01:03:29]} {[%emt 00:02:10]} Rd8 {[%clk 00:56:53]} {[%emt 00:00:49]} 23.
Rd1 {[%clk 01:02:58]} {[%emt 00:01:02]} Nc5 {[%clk 00:56:29]} {[%emt 00:00:52]}
24. Ne5 {[%clk 01:00:36]} {[%emt 00:02:52]} f6 {[%clk 00:53:02]} {[%emt
00:03:58]} 25. Nc4 {[%clk 00:59:38]} {[%emt 00:01:28]} b5 {[%clk 00:51:39]}
{[%emt 00:01:54]} 26. b4 {[%clk 00:58:33]} {[%emt 00:01:34]} Nb7 {[%clk
00:51:30]} {[%emt 00:00:40]} 27. Na3 {[%clk 00:58:18]} {[%emt 00:00:25]} Rxd6
{[%emt 00:01:42]} 28. Rc1 {[%clk 00:57:46]} {[%emt 00:00:21]} a6 {[%clk
00:49:43]} {[%emt 00:02:06]} 29. h3 {[%clk 00:56:15]} {[%emt 00:01:49]} Rd2
{[%clk 00:47:38]} {[%emt 00:02:45]} 30. Rc6 {[%clk 00:54:44]} {[%emt 00:01:56]}
Rxa2 {[%clk 00:47:10]} {[%emt 00:01:05]} 31. Rxa6 {[%clk 00:54:26]} {[%emt
00:00:48]} e5 {[%clk 00:46:42]} {[%emt 00:00:58]} 32. Ra8+ {[%clk 00:54:01]}
{[%emt 00:00:54]} Kh7 {[%clk 00:46:54]} {[%emt 00:00:19]} 33. Ra7 {[%clk
00:52:29]} {[%emt 00:02:02]} Nd6 {[%clk 00:45:37]} {[%emt 00:01:47]} 34. Rd7
{[%clk 00:51:38]} {[%emt 00:01:21]} Rxa3 {[%clk 00:45:23]} {[%emt 00:00:44]}
35. Rxd6 {[%clk 00:50:18]} {[%emt 00:01:50]} Rb3 {[%clk 00:45:33]} {[%emt
00:00:19]} 36. Rd7 {[%clk 00:48:43]} {[%emt 00:02:05]} Rxb4 {[%clk 00:45:48]}
{[%emt 00:00:16]} 37. Rb7 {[%clk 00:48:56]} {[%emt 00:00:16]} Rb1+ {[%clk
00:45:35]} {[%emt 00:00:43]} 38. Kh2 {[%clk 00:49:19]} {[%emt 00:00:08]} b4
{[%clk 00:45:46]} {[%emt 00:00:20]} 39. Kg3 {[%clk 00:49:40]} {[%emt 00:00:08]}
f5 {[%clk 00:43:46]} {[%emt 00:02:30]} 40. Kf3 {[%clk 00:49:37]} {[%emt
00:00:32]} b3 {[%clk 00:43:46]} {[%emt 00:00:32]} 41. Ke3 {[%clk 00:49:15]}
{[%emt 00:00:48]} b2 {[%clk 00:43:51]} {[%emt 00:00:28]} 42. Kd2 {[%clk
00:49:28]} {[%emt 00:00:17]} Rg1 {[%clk 00:44:01]} {[%emt 00:00:19]} 43. Rxb2
{[%clk 00:49:46]} {[%emt 00:00:12]} Rxg2 {[%clk 00:44:19]} {[%emt 00:00:13]}
44. Ke3 {[%clk 00:50:07]} {[%emt 00:00:08]} Rh2 {[%clk 00:44:23]} {[%emt
00:00:26]} 45. Kf3 {[%clk 00:50:13]} {[%emt 00:00:25]} Rxh3+ {[%clk 00:44:40]}
{[%emt 00:00:13]} 46. Kg2 {[%clk 00:50:28]} {[%emt 00:00:14]} Rh4 {[%clk
00:44:48]} {[%emt 00:00:23]} 47. Kg3 {[%clk 00:50:39]} {[%emt 00:00:19]} g5
{[%clk 00:44:45]} {[%emt 00:00:33]} 48. Kg2 {[%clk 00:50:53]} {[%emt 00:00:15]}
f4 {[%clk 00:45:05]} {[%emt 00:00:11]} 49. Kf3 {[%clk 00:51:12]} {[%emt
00:00:10]} g4+ {[%clk 00:44:04]} {[%emt 00:01:32]} 50. Kg2 {[%clk 00:51:27]}
{[%emt 00:00:14]} Rh3 {[%clk 00:44:12]} {[%emt 00:00:21]} 51. Rb7+ {[%clk
00:51:26]} {[%emt 00:00:32]} Kg6 {[%clk 00:44:06]} {[%emt 00:00:37]} 52. Rb6+
{[%clk 00:51:43]} {[%emt 00:00:14]} Kf5 {[%clk 00:44:29]} {[%emt 00:00:07]} 53.
Ra6 {[%clk 00:52:00]} {[%emt 00:00:12]} f3+ {[%clk 00:44:05]} {[%emt 00:00:54]}
54. Kg1 {[%clk 00:52:17]} {[%emt 00:00:13]} h5 {[%clk 00:44:24]} {[%emt
00:00:10]} 55. Ra1 {[%clk 00:52:29]} {[%emt 00:00:19]} h4 {[%clk 00:44:22]}
{[%emt 00:00:32]} 56. Kf1 {[%clk 00:52:44]} {[%emt 00:00:15]} Rh1# {[%clk
00:44:42]} {[%emt 00:00:10]} 0-1

[Event "DEM U10w 2024"]
[Site "Willingen GER"]
[Date "2024.05.20"]
[Round "3"]
[White "Naz Öksüz, Meryem"]
[Black "Vasilieva, Victoria"]
[Result "0-1"]
[Termination "normal"]
[Board "9"]
[WhiteElo "1154"]
[BlackElo "1048"]
[WhiteClock "01:03:06"]
[BlackClock "00:51:08"]
[PlyCount "208"]
[WhiteFideId "533025860"]
[BlackFideId "533007071"]
[EventCountry "GER"]
[EventRounds "11"]
[EventType "swiss"]
[EventDate "2024.05.18"]

1. e4 {[%clk 01:16:00]} {[%emt 12:59:43]} c6 {[%clk 01:15:53]} {[%emt
00:00:07]} 2. e5 {[%clk 01:16:12]} {[%emt 00:00:17]} d5 {[%clk 01:16:06]}
{[%emt 00:00:18]} 3. exd6 {[%clk 01:16:34]} {[%emt 00:00:08]} exd6 {[%clk
01:16:09]} {[%emt 00:00:27]} 4. d4 {[%clk 01:16:53]} {[%emt 00:00:11]} d5
{[%clk 01:16:21]} {[%emt 00:00:18]} 5. Nf3 {[%clk 01:17:07]} {[%emt 00:00:17]}
Bf5 {[%clk 01:16:33]} {[%emt 00:00:16]} 6. Nc3 {[%clk 01:16:53]} {[%emt
00:00:44]} Nf6 {[%clk 01:15:56]} {[%emt 00:01:08]} 7. Be2 {[%clk 01:17:07]}
{[%emt 00:00:16]} Bd6 {[%clk 01:16:10]} {[%emt 00:00:15]} 8. O-O {[%clk
01:17:04]} {[%emt 00:00:34]} O-O {[%clk 01:16:17]} {[%emt 00:00:23]} 9. Bg5
{[%clk 01:17:01]} {[%emt 00:00:34]} h6 {[%clk 01:16:01]} {[%emt 00:00:45]} 10.
Bxf6 {[%clk 01:17:23]} {[%emt 00:00:08]} Qxf6 {[%clk 01:16:14]} {[%emt
00:00:15]} 11. Re1 {[%clk 01:16:46]} {[%emt 00:01:08]} Nd7 {[%clk 01:15:44]}
{[%emt 00:01:01]} 12. Nd2 {[%clk 01:16:03]} {[%emt 00:01:14]} Qh4 {[%clk
01:15:32]} {[%emt 00:00:40]} 13. Nf3 {[%clk 01:15:27]} {[%emt 00:01:05]} Qf4
{[%clk 01:15:19]} {[%emt 00:00:44]} 14. g3 {[%emt 00:01:34]} Qg4 {[%clk
01:14:27]} {[%emt 00:00:04]} 15. Ne5 {[%clk 01:14:59]} {[%emt 00:01:14]} Qg5
{[%clk 01:13:32]} {[%emt 00:01:23]} 16. Nxd7 {[%clk 01:15:09]} {[%emt
00:00:21]} Bxd7 {[%clk 01:13:33]} {[%emt 00:00:28]} 17. Na4 {[%clk 01:13:23]}
{[%emt 00:02:17]} b6 {[%clk 01:11:31]} {[%emt 00:02:33]} 18. c3 {[%clk
01:13:25]} {[%emt 00:00:27]} Rfe8 {[%clk 01:08:05]} {[%emt 00:03:56]} 19. h4
{[%clk 01:06:41]} {[%emt 00:07:14]} Qf6 {[%clk 01:07:28]} {[%emt 00:01:06]} 20.
Rc1 {[%clk 01:06:36]} {[%emt 00:00:37]} c5 {[%clk 01:07:24]} {[%emt 00:00:34]}
21. c4 {[%clk 01:06:11]} {[%emt 00:00:54]} cxd4 {[%clk 01:05:09]} {[%emt
00:02:44]} 22. cxd5 {[%clk 01:06:23]} {[%emt 00:00:20]} b5 {[%clk 01:04:55]}
{[%emt 00:00:44]} 23. Nc5 {[%clk 01:06:27]} {[%emt 00:00:26]} Red8 {[%clk
01:04:51]} {[%emt 00:00:32]} 24. Nb7 {[%clk 01:06:30]} {[%emt 00:00:27]} Bb4
{[%clk 01:04:16]} {[%emt 00:01:06]} 25. Nxd8 {[%clk 01:06:33]} {[%emt
00:00:27]} Bxe1 {[%clk 01:04:29]} {[%emt 00:00:16]} 26. Qxe1 {[%clk 01:06:40]}
{[%emt 00:00:24]} Rxd8 {[%clk 01:04:31]} {[%emt 00:00:27]} 27. Rc7 {[%clk
01:05:25]} {[%emt 00:01:45]} Qb6 {[%clk 01:04:23]} {[%emt 00:00:37]} 28. Rc2
{[%clk 01:05:08]} {[%emt 00:00:50]} Re8 {[%clk 01:04:29]} {[%emt 00:00:23]} 29.
Qd2 {[%clk 01:04:18]} {[%emt 00:01:20]} Re5 {[%clk 01:04:03]} {[%emt 00:00:56]}
30. Bf3 {[%clk 01:04:17]} {[%emt 00:00:31]} Rf5 {[%clk 01:03:03]} {[%emt
00:01:30]} 31. Be4 {[%clk 01:04:12]} {[%emt 00:00:35]} Re5 {[%clk 01:02:29]}
{[%emt 00:01:03]} 32. Qe2 {[%clk 01:04:11]} {[%emt 00:00:32]} Bf5 {[%clk
01:01:18]} {[%emt 00:01:40]} 33. Rc6 {[%clk 01:02:22]} {[%emt 00:02:20]} Qa5
{[%clk 01:01:06]} {[%emt 00:00:41]} 34. f3 {[%clk 01:01:45]} {[%emt 00:01:08]}
Qxa2 {[%clk 01:00:13]} {[%emt 00:01:23]} 35. d6 {[%clk 00:59:46]} {[%emt
00:02:29]} Qa1+ {[%clk 00:59:43]} {[%emt 00:00:58]} 36. Kg2 {[%clk 00:59:34]}
{[%emt 00:00:44]} a5 {[%clk 00:59:24]} {[%emt 00:00:49]} 37. d7 {[%clk
00:59:52]} {[%emt 00:00:12]} Bxd7 {[%clk 00:58:08]} {[%emt 00:01:46]} 38. g4
{[%clk 00:58:54]} {[%emt 00:01:27]} Bxc6 {[%clk 00:58:10]} {[%emt 00:00:29]}
39. Bh7+ {[%clk 00:59:09]} {[%emt 00:00:14]} Kxh7 {[%clk 00:58:08]} {[%emt
00:00:32]} 40. Qxe5 {[%clk 00:59:29]} {[%emt 00:00:10]} d3 {[%clk 00:58:09]}
{[%emt 00:00:30]} 41. Qf5+ {[%clk 00:59:43]} {[%emt 00:00:15]} g6 {[%clk
00:58:07]} {[%emt 00:00:33]} 42. Qxf7+ {[%clk 01:00:01]} {[%emt 00:00:13]} Kh8
{[%clk 00:58:03]} {[%emt 00:00:33]} 43. Qf8+ {[%clk 01:00:16]} {[%emt
00:00:15]} Kh7 {[%clk 00:58:10]} {[%emt 00:00:23]} 44. Qe7+ {[%clk 01:00:30]}
{[%emt 00:00:15]} Kh8 {[%clk 00:57:57]} {[%emt 00:00:43]} 45. Qd8+ {[%clk
01:00:33]} {[%emt 00:00:27]} Kg7 {[%clk 00:57:57]} {[%emt 00:00:31]} 46. Qxd3
{[%clk 01:00:51]} {[%emt 00:00:12]} Qxb2+ {[%clk 00:58:15]} {[%emt 00:00:12]}
47. Kh3 {[%clk 01:00:32]} {[%emt 00:00:48]} a4 {[%clk 00:58:23]} {[%emt
00:00:23]} 48. h5 {[%clk 01:00:39]} {[%emt 00:00:23]} gxh5 {[%clk 00:58:15]}
{[%emt 00:00:37]} 49. gxh5 {[%clk 01:01:00]} {[%emt 00:00:09]} Be8 {[%clk
00:57:34]} {[%emt 00:01:11]} 50. Qe4 {[%clk 01:00:25]} {[%emt 00:01:03]} Bd7+
{[%clk 00:57:23]} {[%emt 00:00:43]} 51. Kg3 {[%clk 01:00:38]} {[%emt 00:00:18]}
Kf7 {[%clk 00:56:59]} {[%emt 00:00:53]} 52. Qg6+ {[%clk 01:00:37]} {[%emt
00:00:30]} Ke7 {[%clk 00:56:58]} {[%emt 00:00:32]} 53. Qh7+ {[%clk 01:00:28]}
{[%emt 00:00:38]} Kd6 {[%clk 00:56:46]} {[%emt 00:00:42]} 54. Qxh6+ {[%clk
01:00:20]} {[%emt 00:00:39]} Kc7 {[%clk 00:57:02]} {[%emt 00:00:14]} 55. Qf4+
{[%clk 01:00:36]} {[%emt 00:00:12]} Kd8 {[%clk 00:56:50]} {[%emt 00:00:44]} 56.
Qb8+ {[%clk 01:00:53]} {[%emt 00:00:11]} Ke7 {[%clk 00:56:53]} {[%emt
00:00:29]} 57. h6 {[%clk 01:01:02]} {[%emt 00:00:22]} Kf7 {[%clk 00:56:38]}
{[%emt 00:00:45]} 58. h7 {[%clk 01:00:19]} {[%emt 00:01:12]} Qg7+ {[%clk
00:56:25]} {[%emt 00:00:42]} 59. Kf2 {[%clk 01:00:24]} {[%emt 00:00:27]} Qxh7
{[%clk 00:56:38]} {[%emt 00:00:16]} 60. Qd8 {[%clk 01:00:06]} {[%emt 00:00:47]}
Ke6 {[%emt 00:01:20]} 61. Qb6+ {[%clk 00:59:44]} {[%emt 00:00:25]} Ke7 {[%clk
00:56:03]} {[%emt 00:00:42]} 62. Qc5+ {[%clk 00:59:10]} {[%emt 00:01:03]} Kf7
{[%clk 00:55:48]} {[%emt 00:00:47]} 63. Qd5+ {[%clk 00:59:29]} {[%emt
00:00:12]} Be6 {[%clk 00:55:46]} {[%emt 00:00:29]} 64. Qb7+ {[%clk 00:59:47]}
{[%emt 00:00:14]} Kg6 {[%clk 00:55:57]} {[%emt 00:00:19]} 65. Qe4+ {[%clk
01:00:04]} {[%emt 00:00:12]} Bf5 {[%clk 00:55:31]} {[%emt 00:00:57]} 66. Qc6+
{[%clk 01:00:10]} {[%emt 00:00:25]} Kg7 {[%clk 00:55:20]} {[%emt 00:00:40]} 67.
Qc3+ {[%clk 01:00:11]} {[%emt 00:00:26]} Kg8 {[%clk 00:55:16]} {[%emt
00:00:37]} 68. Qe5 {[%clk 00:59:17]} {[%emt 00:01:23]} Qf7 {[%clk 00:55:09]}
{[%emt 00:00:39]} 69. Qb8+ {[%clk 00:59:10]} {[%emt 00:00:35]} Qf8 {[%clk
00:55:23]} {[%emt 00:00:18]} 70. Qg3+ {[%clk 00:59:20]} {[%emt 00:00:17]} Qg7
{[%clk 00:55:12]} {[%emt 00:00:44]} 71. Qb8+ {[%clk 00:59:42]} {[%emt
00:00:08]} Kh7 {[%clk 00:55:01]} {[%emt 00:00:40]} 72. Qh2+ {[%clk 00:59:59]}
{[%emt 00:00:11]} Qh6 {[%emt 00:00:46]} 73. Qc7+ {[%clk 01:00:06]} {[%emt
00:00:08]} Kh8 {[%clk 00:53:33]} {[%emt 00:02:00]} 74. Qd8+ {[%clk 01:00:19]}
{[%emt 00:00:14]} Kh7 {[%clk 00:53:15]} {[%emt 00:00:51]} 75. Qe7+ {[%clk
01:00:29]} {[%emt 00:00:19]} Kg6 {[%clk 00:53:21]} {[%emt 00:00:24]} 76. Qe8+
{[%clk 01:00:35]} {[%emt 00:00:25]} Kg5 {[%clk 00:53:33]} {[%emt 00:00:18]} 77.
Qe3+ {[%clk 01:00:48]} {[%emt 00:00:17]} Kh5 {[%clk 00:53:21]} {[%emt
00:00:41]} 78. Qe8+ {[%clk 01:01:07]} {[%emt 00:00:12]} Qg6 {[%clk 00:53:22]}
{[%emt 00:00:28]} 79. Qh8+ {[%clk 01:01:23]} {[%emt 00:00:15]} Qh7 {[%clk
00:53:30]} {[%emt 00:00:21]} 80. Qe8+ {[%clk 01:01:26]} {[%emt 00:00:28]} Bg6
{[%clk 00:53:01]} {[%emt 00:00:58]} 81. Qe5+ {[%clk 01:01:47]} {[%emt
00:00:09]} Kh6 {[%clk 00:52:55]} {[%emt 00:00:36]} 82. Qf4+ {[%clk 01:01:33]}
{[%emt 00:00:44]} Kg7 {[%clk 00:52:37]} {[%emt 00:00:48]} 83. Qe5+ {[%clk
01:01:39]} {[%emt 00:00:25]} Kg8 {[%clk 00:52:35]} {[%emt 00:00:28]} 84. Qd5+
{[%clk 01:01:35]} {[%emt 00:00:37]} Qf7 {[%clk 00:52:46]} {[%emt 00:00:19]} 85.
Qd8+ {[%clk 01:01:50]} {[%emt 00:00:15]} Kh7 {[%clk 00:52:48]} {[%emt
00:00:29]} 86. Qh4+ {[%clk 01:02:01]} {[%emt 00:00:17]} Kg7 {[%clk 00:52:22]}
{[%emt 00:00:57]} 87. Qd4+ {[%clk 01:02:22]} {[%emt 00:00:09]} Qf6 {[%clk
00:52:00]} {[%emt 00:00:53]} 88. Qd7+ {[%clk 01:02:39]} {[%emt 00:00:13]} Kh8
{[%clk 00:51:28]} {[%emt 00:01:01]} 89. Qh3+ {[%clk 01:02:46]} {[%emt
00:00:23]} Kg8 {[%clk 00:51:38]} {[%emt 00:00:21]} 90. Qc8+ {[%clk 01:02:52]}
{[%emt 00:00:24]} Qf8 {[%clk 00:51:40]} {[%emt 00:00:28]} 91. Qe6+ {[%clk
01:03:05]} {[%emt 00:00:17]} Kh8 {[%clk 00:49:28]} {[%emt 00:02:42]} 92. Qh3+
{[%clk 01:03:15]} {[%emt 00:00:19]} Bh7 {[%clk 00:49:38]} {[%emt 00:00:21]} 93.
Qh4 {[%clk 01:03:03]} {[%emt 00:00:41]} Qc5+ {[%clk 00:49:48]} {[%emt
00:00:21]} 94. Kg2 {[%clk 01:02:45]} {[%emt 00:00:45]} Qc2+ {[%clk 00:49:46]}
{[%emt 00:00:35]} 95. Kh3 {[%clk 01:02:31]} {[%emt 00:00:43]} Qf5+ {[%clk
00:49:46]} {[%emt 00:00:30]} 96. Kg2 {[%clk 01:02:45]} {[%emt 00:00:17]} Qg6+
{[%clk 00:49:53]} {[%emt 00:00:23]} 97. Kf2 {[%clk 01:03:06]} {[%emt 00:00:08]}
Qc2+ {[%clk 00:49:48]} {[%emt 00:00:36]} 98. Kg3 {[%clk 01:03:25]} {[%emt
00:00:10]} Qc7+ {[%clk 00:49:38]} {[%emt 00:00:41]} 99. Kf2 {[%clk 01:03:36]}
{[%emt 00:00:18]} Qc5+ {[%clk 00:49:43]} {[%emt 00:00:26]} 100. Kg3 {[%clk
01:03:35]} {[%emt 00:00:28]} Qg1+ {[%clk 00:49:47]} {[%emt 00:00:28]} 101. Kh3
{[%clk 01:02:24]} {[%emt 00:01:41]} Qh1+ {[%clk 00:50:10]} {[%emt 00:00:08]}
102. Kg3 {[%clk 01:02:39]} {[%emt 00:00:15]} Qxh4+ {[%clk 00:50:29]} {[%emt
00:00:12]} 103. Kxh4 {[%clk 01:03:06]} {[%emt 00:00:02]} a3 {[%clk 00:50:49]}
{[%emt 00:00:11]} 104. f4 {[%clk 01:03:06]} {[%emt 00:00:29]} a2 {[%clk
00:51:08]} {[%emt 00:00:11]} 0-1

[Event "DEM U10w 2024"]
[Site "Willingen GER"]
[Date "2024.05.20"]
[Round "3"]
[White "Yamshchikova, Oleksandra"]
[Black "Mandziuk, Varvara"]
[Result "1/2-1/2"]
[Termination "normal"]
[Board "10"]
[WhiteElo "1032"]
[BlackElo "1146"]
[WhiteClock "01:03:09"]
[BlackClock "00:45:33"]
[PlyCount "59"]
[WhiteFideId "34171118"]
[BlackFideId "34638016"]
[EventCountry "GER"]
[EventRounds "11"]
[EventType "swiss"]
[EventDate "2024.05.18"]

1. e4 {[%clk 01:15:59]} e5 {[%clk 01:15:54]} {[%emt 00:00:07]} 2. Nf3 {[%clk
01:16:21]} {[%emt 00:00:07]} Nc6 {[%clk 01:16:17]} {[%emt 00:00:08]} 3. Bc4
{[%clk 01:16:43]} {[%emt 00:00:07]} Bc5 {[%clk 01:16:40]} {[%emt 00:00:07]} 4.
d3 {[%clk 01:17:03]} {[%emt 00:00:11]} h6 {[%clk 01:16:57]} {[%emt 00:00:12]}
5. Be3 {[%clk 01:17:19]} {[%emt 00:00:13]} Bxe3 {[%clk 01:17:14]} {[%emt
00:00:13]} 6. fxe3 {[%clk 01:17:44]} {[%emt 00:00:06]} d6 {[%clk 01:15:59]}
{[%emt 00:01:45]} 7. Nc3 {[%clk 01:17:18]} {[%emt 00:00:56]} Na5 {[%clk
01:16:04]} {[%emt 00:00:23]} 8. Bb3 {[%clk 01:17:16]} {[%emt 00:00:34]} Nxb3
{[%clk 01:16:23]} {[%emt 00:00:11]} 9. axb3 {[%clk 01:17:36]} {[%emt 00:00:10]}
Nf6 {[%clk 01:16:14]} {[%emt 00:00:39]} 10. O-O {[%clk 01:17:01]} {[%emt
00:01:05]} O-O {[%clk 01:15:30]} {[%emt 00:01:14]} 11. Nd2 {[%clk 01:15:22]}
{[%emt 00:02:09]} Ng4 {[%clk 01:14:10]} {[%emt 00:01:50]} 12. Qf3 {[%clk
01:14:11]} {[%emt 00:01:40]} f5 {[%clk 01:11:42]} {[%emt 00:02:59]} 13. Qg3
{[%clk 01:12:54]} {[%emt 00:01:45]} Qg5 {[%clk 01:08:48]} {[%emt 00:03:25]} 14.
exf5 {[%clk 01:12:08]} {[%emt 00:01:15]} Qxe3+ {[%clk 01:08:00]} {[%emt
00:01:51]} 15. Qxe3 {[%clk 01:11:04]} {[%emt 00:01:34]} Nxe3 {[%clk 01:08:20]}
{[%emt 00:00:11]} 16. Rfc1 {[%emt 00:03:46]} Rxf5 {[%clk 01:06:08]} {[%emt
00:00:07]} 17. Nb5 {[%clk 01:08:46]} {[%emt 00:02:02]} Rg5 {[%clk 01:04:50]}
{[%emt 00:01:52]} 18. g3 {[%clk 01:08:35]} {[%emt 00:00:41]} Bh3 {[%clk
01:00:45]} {[%emt 00:05:52]} 19. c4 {[%clk 01:06:45]} {[%emt 00:02:20]} a6
{[%clk 01:00:03]} {[%emt 00:01:12]} 20. b4 {[%clk 01:05:56]} {[%emt 00:01:18]}
Rf8 {[%clk 00:56:33]} {[%emt 00:04:01]} 21. Nxc7 {[%clk 01:05:34]} {[%emt
00:00:51]} Ng2 {[%clk 00:54:50]} {[%emt 00:02:14]} 22. Ne6 {[%clk 01:05:16]}
{[%emt 00:00:48]} Bxe6 {[%clk 00:54:57]} {[%emt 00:00:23]} 23. Kxg2 {[%clk
01:05:25]} {[%emt 00:00:19]} d5 {[%clk 00:54:04]} {[%emt 00:01:25]} 24. Rf1
{[%clk 01:04:10]} {[%emt 00:01:44]} dxc4 {[%clk 00:48:56]} {[%emt 00:05:39]}
25. dxc4 {[%clk 01:04:10]} {[%emt 00:00:30]} Rg4 {[%clk 00:48:05]} {[%emt
00:01:15]} 26. Rxf8+ {[%clk 01:04:11]} {[%emt 00:00:36]} Kxf8 {[%clk 00:48:19]}
{[%emt 00:00:15]} 27. Rf1+ {[%clk 01:03:59]} {[%emt 00:00:41]} Kg8 {[%clk
00:48:01]} {[%emt 00:00:48]} 28. Kg1 {[%clk 01:04:03]} {[%emt 00:00:27]} Bxc4
{[%clk 00:47:47]} {[%emt 00:00:44]} 29. Re1 {[%clk 01:03:16]} {[%emt 00:01:16]}
Bf7 {[%clk 00:45:33]} {[%emt 00:02:38]} 30. Re4 {[%clk 01:03:09]} {[%emt
00:00:42]} 1/2-1/2